000 00368cam a2200145ua 4500
041 _ahin
_h
082 _a891.54
_bPAN/GU
100 _apunch singh, sharma .
245 _aGurathi and uska sathiya /
_cpanch singh sharma.
_hTextual Documents
260 _a :
_bRajkamal Prakashan ,
_c1960.
300 _a115 ; .
504 _a
942 _cBK
999 _c11941
_d11941